| 000 | 00523nam a2200169Ia 4500 | ||
|---|---|---|---|
| 003 | GCL | ||
| 008 | 140319s9999 xx 000 0 ara d | ||
| 040 |
_aGCL / _cGCL |
||
| 082 | 0 | 4 |
_aط _b813.0874 _bم م |
| 100 | 1 | _aمجدى صابر | |
| 245 | 1 | 0 |
_aسر الغفير الالى / _cمجدى صابر |
| 260 |
_a[S.N] : _bميدلايت المحدودة ، _c1992 |
||
| 490 |
_aمغامرات جمعية وشركاه _v0 |
||
| 650 | 0 | 4 | _aالقصص البوليسية |
| 650 | 0 | 4 | _aقصص الاطفال |
| 942 |
_2ddc _cBK |
||
| 999 |
_c56507 _d56507 |
||